Características biológicas de Myrica pubescens Willd. (laurel de cera), historia del uso de su cera y consideraciones y métodos para el obtención de los datos de cuantificación dinámica del stock de árbol de laurel en la vereda de Patios (Registro nro. 3046)

Detalles MARC
000 -CABECERA
Campo de control 00941nam a2200241 a 4500
005 - FECHA Y HORA DE LA ULTIMA TRANSACCION
Campo de control 20200104041538.0
008 - ELEMENTOS DE LONGITUD FIJA—INFORMACION GENERAL
Campo de control 140307b1998 ck ||||| |||| 00| 0 spa d
040 ## - FUENTE DE CATALOGACIÓN
Agencia catalogadora original CO-BoIAVH
Agencia transcriptora CO-BoIAVH
041 ## - IDIOMA
Código de idioma para texto/pista de sonido o título separado Español
044 ## - PAÍS DE PUBLICACIÓN
País de publicación Colombia
090 ## - CLASIFICACIÓN LOCAL
Colección LB
Consecutivo 02810
100 ## - ASIENTO PRINCIPAL--NOMBRE PERSONAL
Nombre personal Parra Osorio, Carlos Alberto
245 ## - MENCION DE TITULO
Título Características biológicas de Myrica pubescens Willd. (laurel de cera), historia del uso de su cera y consideraciones y métodos para el obtención de los datos de cuantificación dinámica del stock de árbol de laurel en la vereda de Patios
260 ## - PUBLICACION, DISTRIBUCION, ETC. (PIE DE IMPRENTA)
Lugar de publicación, distribución, etc. Bogotá
Nombre del editor, distribuidor, etc. Artesanías de Colombia
-- Fundación FES
-- Instituto Alexander von Humboldt
Fecha de publicación, distribución, etc. 1998
300 ## - DESCRIPCION FISICA
Extensión 25 p.
650 ## - ASIENTO SECUNDARIO DE MATERIA - TERMINO TEMATICO
Término temático o nombre geográfico como elemento de entrada Botánica
650 ## - ASIENTO SECUNDARIO DE MATERIA - TERMINO TEMATICO
Término temático o nombre geográfico como elemento de entrada Morfología vegetal
650 ## - ASIENTO SECUNDARIO DE MATERIA - TERMINO TEMATICO
Término temático o nombre geográfico como elemento de entrada Plantas útiles
650 ## - ASIENTO SECUNDARIO DE MATERIA - TERMINO TEMATICO
Término temático o nombre geográfico como elemento de entrada Cera
650 ## - ASIENTO SECUNDARIO DE MATERIA - TERMINO TEMATICO
Término temático o nombre geográfico como elemento de entrada Uso sostenible
662 ## - ASIENTO SECUNDARIO DE MATERIA - JERARQUIA DEL NOMBRE DE LUGAR(
País o entidad mayor Colombia
Jurisdicción política intermedia Vereda Patios
Ciudad Encino
Jurisdicción política de primer orden Santander
942 ## - ELEMENTOS ADICIONALES (KOHA)
Tipo de ítem Informe Técnico
Sistema de clasificación Local
Existencias
Withdrawn status Lost status Sistema de Clasificación Damaged status No para préstamo Colección Inventariado Ubicación Permanente Ubicación actual Fecha de adquisición Fuente de Valor Total Checkouts Número topográfico Inventario / Código de Barras Date last seen Ejemplar Price effective from Forma de adquisición Tipo de material
    Local     General Inventariado 2017 Bogotá Bogotá 25/02/2003 Biocomercio   LB-02810 005077 04/12/2012 Ej. 1 04/12/2012   Informe Técnico